000 00254nam a2200097Ia 4500
001 642361
005 20250826153525.0
008 250824s9999 xx 000 0 und d
245 0 _aErasmus Altın Düşüncenin Ustaları
_cJames McConica
260 _bALTIN
999 _c642361
_d642361